| 000 | 00830nam a2200265Ia 4500 | ||
|---|---|---|---|
| 003 | UNSA | ||
| 005 | 20260514192021.0 | ||
| 008 | 231107s9999||||pe |||||||||||||| ||spa|| | ||
| 040 |
_bspa _cUNSA _dAR-MoUNM |
||
| 041 | _aspa | ||
| 082 | 0 | 4 |
_224.11 _a985.01 _bBUST 982 |
| 100 | 1 |
_aBusto Duthurburu, José Antonio del _927864 |
|
| 245 | 1 | 0 |
_aPerú pre-incaico / _cJosé Antonio del Busto D. |
| 260 |
_aLima : _bUniverso, _c[s.f.]. |
||
| 300 |
_a236 p. : _bil. ; gráf. ; mapas ; _c22 cm. |
||
| 650 | 7 |
_aHISTORIA _2unescot _9478 |
|
| 650 | 7 |
_aARQUEOLOGIA _2unescot _96596 |
|
| 650 | 7 |
_aAMERINDIO _2unescot _94188 |
|
| 650 | 7 |
_aARTE PRIMITIVO _2unescot _922006 |
|
| 650 | 7 |
_aCULTURA _2unescot _91719 |
|
| 650 | 7 |
_aARTESANIA _2unescot _94444 |
|
| 650 | 7 |
_aARQUITECTURA _2unescot _93268 |
|
| 651 | 7 |
_aPERU _2unescot _95036 |
|
| 942 |
_2ddc _cLIBRO |
||
| 999 |
_c21767 _d21768 |
||